000
00343nam a2200145Ia 4500
003
OSt
005
20231227053104.0
008
170524s9999 xx 000 0 und d
020
_a
9788184110951
040
_c
IIMT UNIVERSITY
100
_a
GOPAL- B.V.
245
0
_a
Video Piracy & The Law
260
_b
NEW DELHI: DEEP & DEEP
942
_2
ddc
_c
01
999
_c
9296
_d
9296